Statystyki dla Flagowa matematyka

Kliknij tutaj aby rozwiązać quiz!

Ogólne statystyki

  • Ten quiz został rozwiązany 34 313 razy
  • Średni wynik to 11 z 14

Statystyki odpowiedzi

DziałanieFlaga% Poprawnych
Kanada
100%
Słowacja
94%
Chorwacja
93%
Słowenia
93%
Meksyk
92%
Egipt
89%
Andora
79%
Mołdawia
79%
Liban
76%
Ekwador
73%
Paragwaj
59%
Ghana
58%
Senegal
58%
Tadżykistan
44%

Rozkład punktacji

Percentyl według liczby udzielonych odpowiedzi

Procent ludzi z każdym wynikiem

Twoja historia wyników

Nie rozwiązałeś tego quizu